Vista normal
Vista MARC
Entrada Corporate Name
Número de registros utilizados en: 1
001 - CONTROL NUMBER
- control field: 36246
003 - CONTROL NUMBER IDENTIFIER
- control field: OSt
005 - DATE AND TIME OF LATEST TRANSACTION
- control field: 20210317151110.0
008 - FIXED-LENGTH DATA ELEMENTS
- fixed length control field: 210317|| aca||aabn | a|a d
040 ## - CATALOGING SOURCE
- Original cataloging agency: OSt
- Transcribing agency: OSt
110 ## - HEADING--CORPORATE NAME
- Corporate name or jurisdiction name as entry element: Instituto Colombiano de Derecho Procesal
670 ## - SOURCE DATA FOUND
- Source citation: Work cat.: (OSt)0: Colombia. 8040, Ley 1564 de 2012 (julio 12) con decreto 1736 de 2012 :, 2012.